Tiêu chuẩn nhà nước Thuốc thử, phương pháp chuẩn bị các dung dịch (TCVN 1055-70 - TCVN 1057-71)

Đã lưu trong:
Bibliografiske detaljer
Format: Bog
Sprog:Undetermined
Udgivet: Hà Nội 1978
Fag:
Tags: Tilføj Tag
Ingen Tags, Vær først til at tagge denne postø!
Thư viện lưu trữ: Trung tâm Học liệu Trường Đại học Cần Thơ
LEADER 00512nam a2200157Ia 4500
001 CTU_2824
008 210402s9999 xx 000 0 und d
082 |a 543.00212 
082 |b T309t 
245 0 |a Tiêu chuẩn nhà nước 
245 0 |b Thuốc thử, phương pháp chuẩn bị các dung dịch (TCVN 1055-70 - TCVN 1057-71) 
260 |a Hà Nội 
260 |c 1978 
650 |a chemistry, analytic 
904 |i Minh, 960829 
980 |a Trung tâm Học liệu Trường Đại học Cần Thơ